Thơ miền Trung thế kỉ 20
Tuyển tập thơ của các tác giả Miền Trung trải dài nhiều thời kì, nhiều thể loại thơ. Cần PL đại cương
Wedi'i Gadw mewn:
| Prif Awdur: | |
|---|---|
| Fformat: | Llyfr |
| Iaith: | Undetermined |
| Cyhoeddwyd: |
Đà Nẵng
Nxb. Đà Nẵng
1998
|
| Pynciau: | |
| Tagiau: |
Ychwanegu Tag
Dim Tagiau, Byddwch y cyntaf i dagio'r cofnod hwn!
|
| Thư viện lưu trữ: | Trung tâm Học liệu Trường Đại học Cần Thơ |
|---|
| LEADER | 00701nam a2200181Ia 4500 | ||
|---|---|---|---|
| 001 | CTU_36493 | ||
| 008 | 210402s9999 xx 000 0 und d | ||
| 082 | |a 895.922134 | ||
| 082 | |b Th460 | ||
| 100 | |a Tế Hanh...[et al.] | ||
| 245 | 0 | |a Thơ miền Trung thế kỉ 20 | |
| 245 | 0 | |c Tế Hanh...[et al.] | |
| 260 | |a Đà Nẵng | ||
| 260 | |b Nxb. Đà Nẵng | ||
| 260 | |c 1998 | ||
| 520 | |a Tuyển tập thơ của các tác giả Miền Trung trải dài nhiều thời kì, nhiều thể loại thơ. Cần PL đại cương | ||
| 650 | |a vietnamese literature - 20th century,vietnamese poetry | ||
| 980 | |a Trung tâm Học liệu Trường Đại học Cần Thơ | ||